000 00444nam a2200169Ia 4500
003 LK-CoDNM
008 010623t1902 xxu||||| |||| 00| 1 eng d
040 _aLK-CoDNM
_dLK-CoDNM
_eLK-CoDNM
041 _aeng
080 _a14 DD 26
245 _aIndian Technical Art Series,1902
260 _bSurvey of India Office
_aCalcutta
_c1902
300 _b12pl., 36 cm
500 _aIndian Technical Art Series
650 _aArchitecture
942 _cBK
999 _c85370
_d85370